PHARMACOGONOSY (Record no. 22960)

MARC details
000 -LEADER
fixed length control field 00330nam a22001577a 4500
003 - CONTROL NUMBER IDENTIFIER
control field SGT
020 ## - INTERNATIONAL STANDARD BOOK NUMBER
International Standard Book Number 9788196396152
082 ## - DEWEY DECIMAL CLASSIFICATION NUMBER
Classification number 615.34
Item number P21K
100 ## - MAIN ENTRY--PERSONAL NAME
Personal name KOKATE,C.K.
245 ## - TITLE STATEMENT
Title PHARMACOGONOSY
250 ## - EDITION STATEMENT
Edition statement 57TH
260 ## - PUBLICATION, DISTRIBUTION, ETC. (IMPRINT)
Place of publication, distribution, etc PUNE
Name of publisher, distributor, etc NIRALI
Year of Publication 2021
300 ## - PAGE DESCRIPTION
No. of Pages I-41,G16
650 ## - SUBJECT ADDED ENTRY--TOPICAL TERM
Topical term or geographic name as entry element PHARMACOGONOSY
942 ## - ADDED ENTRY ELEMENTS (KOHA)
Source of classification or shelving scheme Dewey Decimal Classification
Koha item type Books
942 ## - ADDED ENTRY ELEMENTS (KOHA)
-- 58
Holdings
Withdrawn status Lost status Source of classification or shelving scheme Damaged status Not for loan Collection code Home library Current library Shelving location Date acquired Vendor Name Cost, normal purchase price SGTU Bill Number Total Checkouts Full call number Accession No. (Barcode) Date last seen Date last borrowed Bill Date Koha item type Total Renewals
    Dewey Decimal Classification     PHARMACY SGT FA-FP Library SGT FA-FP Library Text Book 28/06/2022 AHUJA PUBLICATION 1000.00 SGTU 14474 8 615.34 P21K FP4453 24/04/2026 24/04/2026 19/05/2022 Books  
    Dewey Decimal Classification     PHARMACY SGT FA-FP Library SGT FA-FP Library Text Book 28/06/2022 AHUJA PUBLICATION 1000.00 SGTU 14474 2 615.34 P21K FP4454 24/01/2025 23/01/2025 19/05/2022 Books  
    Dewey Decimal Classification     PHARMACY SGT FA-FP Library SGT FA-FP Library Text Book 28/06/2022 AHUJA PUBLICATION 1000.00 SGTU 14474 1 615.34 P21K FP4455 27/02/2023 09/02/2023 19/05/2022 Books  
    Dewey Decimal Classification     PHARMACY SGT FA-FP Library SGT FA-FP Library Text Book 28/06/2022 AHUJA PUBLICATION 1000.00 SGTU 14474 8 615.34 P21K FP4456 08/02/2024 07/02/2024 19/05/2022 Books  
    Dewey Decimal Classification     PHARMACY SGT FA-FP Library SGT FA-FP Library Text Book 28/06/2022 AHUJA PUBLICATION 1000.00 SGTU 14474 8 615.34 P21K FP4457 29/04/2026 01/04/2026 19/05/2022 Books 1
    Dewey Decimal Classification     PHARMACY SGT FA-FP Library SGT FA-FP Library Text Book 28/06/2022 AHUJA PUBLICATION 1000.00 SGTU 14474 5 615.34 P21K FP4458 28/03/2025 28/03/2025 19/05/2022 Books  
    Dewey Decimal Classification     PHARMACY SGT FA-FP Library SGT FA-FP Library Text Book 28/06/2022 AHUJA PUBLICATION 1000.00 SGTU 14474 8 615.34 P21K FP4459 02/04/2025 17/03/2025 19/05/2022 Books  
    Dewey Decimal Classification     PHARMACY SGT FA-FP Library SGT FA-FP Library Text Book 28/06/2022 AHUJA PUBLICATION 1000.00 SGTU 14474 7 615.34 P21K FP4460 18/03/2025 05/03/2025 19/05/2022 Books 1
    Dewey Decimal Classification     PHARMACY SGT FA-FP Library SGT FA-FP Library Text Book 28/06/2022 AHUJA PUBLICATION 1000.00 SGTU 14474 8 615.34 P21K FP4461 17/03/2025 28/02/2025 19/05/2022 Books  
    Dewey Decimal Classification     PHARMACY SGT FA-FP Library SGT FA-FP Library Text Book 28/06/2022 AHUJA PUBLICATION 1000.00 SGTU 14474 11 615.34 P21K FP4462 08/04/2025 27/03/2025 19/05/2022 Books